000 01701nam a22004577a 4500
003 CHAP
005 20220817044156.0
008 070814s2007 mx r 00010 spa d
010 _a93879
011 _a94851
035 _a105450
040 _cCHAP
090 _aTesis
100 1 _aMartínez Vera, Margarita
_972614
245 1 0 _aCaracterización del queso de cincho, un producto tipo del Estado de Morelos
_c/por Margarita Martínez Vera
260 _aChapingo, Méx. :
_bEl autor,
_c2007
300 _a79 h. :
_bilus.; cuadros
502 _aTesis (Ing. Agroindustrial) - - UACH. Departamento de Ingeniería Agroindustrial
530 _aTambién disponible en línea
590 _aALEPH
_b10
_c20130110
_lUCH01
_h1519
590 _aBATCH-UPD
_b10
_c20130109
_lUCH01
_h2349
590 _aBATCH-UPD
_b10
_c20130110
_lUCH01
_h0355
590 _aBATCH-UPD
_b10
_c20130110
_lUCH01
_h1959
590 _aBATCH-UPD
_b10
_c20130409
_lUCH01
_h1920
590 _aBATCH-UPD
_b10
_c20130410
_lUCH01
_h0611
590 _aBATCH-UPD
_b10
_c20130914
_lUCH01
_h1157
590 _aBATCH-UPD
_b10
_c20140324
_lUCH01
_h1503
590 _aBATCH-UPD
_b10
_c20141002
_lUCH01
_h0834
590 _aCONVERSION
_b10
_c20130109
_lUCH01
_h1352
650 1 4 _aDesarrollo social.
650 1 4 _aLeche
_xProducción.
_965400
650 1 4 _aOrganización de productores.
_983544
650 1 4 _aQueso
_xMercadeo.
_993230
650 1 4 _aQueso
_xProcesado.
_993233
856 _3Finding aid
_uhttp://10.13.5.2/tesis/105450.pdf
_zTeclea aqui
901 _aBK
905 _aElisama A. H.
942 _cFOLL
949 _aTesis
_bBC
_cTES
_d33724002035587
_eTS2
_fc.2
_h46859
_i105450
_si
949 _aTesis
_bBC
_cTES
_d33724002035629
_eTS1
_h46858
_i105450
_sb
999 _c93879
_d93879